000 01073nam a2200301 4500
001 0000012661
003 CO-CtgCURN
005 20250331185203.0
007 ta
008 160627s1990 000 0 eng d
020 _a9589021816
040 _aCO-CtgCURN
_bspa
_ccoctgcurn
082 0 _a616.0194
_bO84p
100 1 _aOssa Londoño, Jorge Eliecer.
245 1 0 _aPrincipios de virología medica /
_cJorge E. Ossa L.
250 _a2a ed.
260 _aBogotá :
_bUniversidad de Antioquia,
_c1990.
300 _a115 p.
336 _2rdacontent
337 _2rdamedia
_asin mediacion
_bn
338 _2rdacarrier
_avolumen
_bnc
500 _aIncluye Apendice.
505 8 _aVacunas antivirales.--Virus.--Cuantificacion de los virus.--Replica viral.--Infección viral.--Virología medica.--Historia caracteristicas y clasificacion de los virus.--Replicacion viral.--Cuantificacion de los virus
650 1 4 _aVirología.
908 _a160627
942 _cBK
_h616.0194
_iO84p
_2ddc
999 _c22346
_d22346